000
00225nam a2200097Ia 4500
008
170619s9999 xx 000 0 und d
100
_a
Chen Chi-Tsong
245
0
_a
Signals and Systems
260
_b
Oxford University
260
_c
2010
546
_a
ENGLISH
999
_c
20144
_d
20144